Controls & Instrumentation (Refrigeration & Air Conditioning Technology) (Record no. 330340)

000 -LEADER
fixed length control field nam a22 7a 4500
003 - CONTROL NUMBER IDENTIFIER
control field NUST
005 - DATE AND TIME OF LATEST TRANSACTION
control field 20170621111404.0
008 - FIXED-LENGTH DATA ELEMENTS--GENERAL INFORMATION
fixed length control field 170621b xxu||||| |||| 00| 0 eng d
040 ## - CATALOGING SOURCE
Transcribing agency 0
082 ## - DEWEY DECIMAL CLASSIFICATION NUMBER
Classification number 615.19 NIS
245 ## - TITLE STATEMENT
Title Controls & Instrumentation (Refrigeration & Air Conditioning Technology)
Remainder of title Textbook series for diploma of associate engineer (RACT-334)
Statement of responsibility, etc. NISTE
260 ## - PUBLICATION, DISTRIBUTION, ETC.
Place of publication, distribution, etc. Islamabad
Name of publisher, distributor, etc. NISTE, NBF
Date of publication, distribution, etc. 2000
300 ## - PHYSICAL DESCRIPTION
Extent 327p.
500 ## - GENERAL NOTE
General note P.B
942 ## - ADDED ENTRY ELEMENTS (KOHA)
Source of classification or shelving scheme
Koha item type Book
Call number prefix IESE
Holdings
Withdrawn status Lost status Source of classification or shelving scheme Damaged status Not for loan Collection code Permanent Location Current Location Shelving location Date acquired Total Checkouts Full call number Barcode Date last seen Price effective from Koha item type
            Institute of Environmental Science and Engineering (IESE) Institute of Environmental Science and Engineering (IESE) General Stacks 06/21/2017   615.19 NIS IESE-959 06/21/2017 06/21/2017 Book
© 2023 Central Library, National University of Sciences and Technology. All Rights Reserved.